| 000 | 00955nas a2200265 i 4500 | ||
|---|---|---|---|
| 001 | 181694 | ||
| 003 | ES-MaACL | ||
| 005 | 20250927140217.0 | ||
| 008 | 130314r19161981sp u| ner |uuub||pa d | ||
| 080 | _a(054) | ||
| 245 | 0 | 3 |
_aLa Campana gorda / _c[estudio preeliminar Isidro S. Sánchez]. |
| 250 | _a[Ed. facs.]. | ||
| 260 |
_aToledo : _bInstituto Provincial de Investigaciones y Estudios Toledanos, _c1981. |
||
| 300 |
_a1 v. : _bil. ; _c32 cm. |
||
| 362 | 0 | _aAño 25, n. 1246 (1 en. 1916) | |
| 490 | 1 | _aFacsímiles toledanos | |
| 580 | 2 | _aReprod. del último número de la publicación semanal de Toledo: Imp. de Rafael G. Menor. | |
| 655 | 7 |
_2tgfbne _9226495 _aFacsímiles |
|
| 700 | 1 |
_aSánchez Sánchez, Isidro, _d1949- _9152461 |
|
| 710 | 2 | 1 |
_aInstituto Provincial de Investigaciones y Estudios Toledanos. _95217 |
| 830 | 0 |
_aFacsímiles toledanos _9191569 |
|
| 852 |
_aES-MaACL _j2136-F-4 |
||
| 942 | _2udc | ||
| 999 |
_c181694 _d181694 |
||